| 000 | 01320cam a22003497a 4500 | ||
|---|---|---|---|
| 003 | CHAP | ||
| 005 | 20240221091529.0 | ||
| 008 | 020327d2002 mx d r 00110 spa d | ||
| 010 | _a85544 | ||
| 011 | _a86516 | ||
| 035 | _a97054 | ||
| 040 | _cCHAP | ||
| 090 | _aTesis | ||
| 100 | 1 | 0 |
_aRuiz Valadez, Carlos Uriel _9100797 |
| 245 | 1 | 0 |
_aOportunidades de mercado en el área de Chicago, Estados Unidos para productos agroindustriales derivados del maíz _c/por Carlos Uriel Ruiz Valadez |
| 260 |
_aChapingo, Méx. : _bEl autor, _c2002 |
||
| 300 |
_a109 h. : _bgráfs. ; cuadros ; diagramas |
||
| 502 | _aTesis (Ing. Agroindustrial ) -- UACH. Departamento de Ingeniería Agroindustrial | ||
| 590 |
_aALEPH _b10 _c20130110 _lUCH01 _h1447 |
||
| 590 |
_aBATCH-UPD _b10 _c20130110 _lUCH01 _h1128 |
||
| 590 |
_aBATCH-UPD _b10 _c20130410 _lUCH01 _h0717 |
||
| 590 |
_aBATCH-UPD _b10 _c20130914 _lUCH01 _h1755 |
||
| 590 |
_aCONVERSION _b10 _c20130109 _lUCH01 _h1347 |
||
| 650 | 1 | 4 |
_aMaíz _xIndustria. _970980 |
| 650 | 1 | 4 |
_aMaíz _xMercadeo. _971007 |
| 650 | 1 | 4 |
_aProductos agrícolas _xMercadeo _xE.U.A. _991966 |
| 901 | _aBK | ||
| 905 | _aMarco A. Mendoza T. | ||
| 942 | _cFOLL | ||
| 949 |
_aTesis _bBC _cTES _d33724000850533 _eTS2 _fc.2 _gDonaciØn _h39417 _i97054 _sb |
||
| 949 |
_aTesis _bBC _cTES _d970541 _eTS1 _gDonaciØn _h39416 _i97054 _sb |
||
| 999 |
_c85544 _d85544 |
||